00391nam a2200121Ia 4500008004100000100002200041245002200063245002900085260000900114856005400123999001900177952007300196160531s9999 xx 000 0 und d aBananej, Alireza. aPhotonic Crystals cby Alireza Bananej (ed.) c2015 uhttp://www.intechopen.com/books/photonic-crystals c295186d295186 001040aCLbCLd2016-05-31l0r2016-05-31 00:00:00w2016-05-31yCBE